000 00605cab a2200205 4500
001 WB2716-06
008 090401t1991 xxu||||| |||| 00| 0 eng d
035 _a(Sirsi) u60667
041 _aeng
245 _aSteel frame warning
260 _c1991
350 _a0
490 _aWestern Mail
_v20/4/91 p4
520 _aSteel frame houses have been labelled death traps after an inquest into the deaths of two women who died in the rapid spread of fire .
650 _aPREFABRICATED HOUSES
650 _aSTEEL FRAME CONSTRUCTION
690 _aBUILT ENVIRONMENT
942 _n0
948 _c04/03/1997
999 _c37468
_d37468